[Event "LYM - Open Général"]
[Site "Lausanne - Casino de Montbenon"]
[Date "2005.09.17"]
[Round "3"]
[White "Caselas Cabanas, Jacobo"]
[Black "Krivoshey, Sergei"]
[Result "1/2-1/2"]
[WhiteElo "2400"]
[BlackElo "2500"]
[PlyCount "94"]
[EventDate "2005.09.17"]
[SourceDate "2005.09.17"]

1. d4 d5 2. c4 c6 3. Nf3 Nf6 4. Nc3 dxc4 5. a4 Bf5 6. e3 e6 7. Bxc4 Bb4 8. O-O
Nbd7 9. Qe2 O-O 10. e4 Bg6 11. Bd3 c5 12. e5 cxd4 13. exf6 dxc3 14. Bxg6 hxg6
15. Qb5 Bd6 16. fxg7 Kxg7 17. bxc3 Qc7 18. c4 Nc5 19. Rd1 Rad8 20. Be3 Be7 21.
a5 a6 22. Qb2+ Bf6 23. Bh6+ Kxh6 24. Qxf6 Nd3 25. Qc3 Nf4 26. Qe3 Kg7 27. Ne5
f6 28. Qxf4 fxe5 29. Qg4 Qc5 30. Qe2 Rxd1+ 31. Rxd1 Qxa5 32. h4 Rd8 33. Rb1 Qc7
34. h5 Rd4 35. Rxb7 Qxb7 36. Qxe5+ Kh6 37. Qh8+ Kg5 38. Qe5+ Kh6 39. Qxd4 Qb1+
40. Kh2 Kxh5 41. c5 Qc1 42. Qh8+ Kg4 43. Qd4+ Kh5 44. Kg3 g5 45. Qg4+ Kg6 46.
Qxe6+ Kh5 47. Qf7+ Kh6 1/2-1/2

[Event "LYM - Open Général"]
[Site "Lausanne - Casino de Montbenon"]
[Date "2005.09.17"]
[Round "3"]
[White "Hauchard, Arnaud"]
[Black "Zozulia, Anna"]
[Result "1-0"]
[WhiteElo "2490"]
[BlackElo "2314"]
[PlyCount "63"]
[EventDate "2005.09.17"]
[SourceDate "2005.09.17"]

1. d4 Nf6 2. c4 g6 3. Nc3 Bg7 4. e4 O-O 5. Be2 c6 6. Nf3 d5 7. e5 Ne4 8. O-O
Bg4 9. Be3 Nxc3 10. bxc3 dxc4 11. Bxc4 Nd7 12. h3 Bxf3 13. Qxf3 e6 14. Bb3 Rb8
15. g3 Qa5 16. Bg5 Rfe8 17. h4 Nb6 18. h5 Nd5 19. Kg2 b5 20. Rh1 Qc7 21. hxg6
fxg6 22. Bc2 Rf8 23. Qg4 Qf7 24. Raf1 Bh8 25. Bh6 Bg7 26. Bd2 Bh8 27. Rh4 Rb7
28. Qe2 Qd7 29. Rfh1 Ne7 30. Rxh7 Bg7 31. Rxg7+ Kxg7 32. Bh6+ 1-0

[Event "LYM - Open Général"]
[Site "Lausanne - Casino de Montbenon"]
[Date "2005.09.17"]
[Round "3"]
[White "Lamouoreux, Charles"]
[Black "Sulava, Nenad"]
[Result "1/2-1/2"]
[WhiteElo "2397"]
[BlackElo "2485"]
[PlyCount "103"]
[EventDate "2005.09.17"]
[SourceDate "2005.09.17"]

1. d4 Nf6 2. Nf3 d5 3. c3 c6 4. Bf4 g6 5. h3 Bg7 6. Nbd2 O-O 7. e3 Bf5 8. Be2
Be4 9. O-O Bxf3 10. Bxf3 Nbd7 11. e4 dxe4 12. Nxe4 Nxe4 13. Bxe4 e5 14. dxe5
Nxe5 15. Qxd8 Raxd8 16. Rad1 Rfe8 17. Bc1 Nd7 18. Bc2 Nb6 19. Bb3 Bf6 20. Be3
Kg7 21. Rfe1 Rxd1 22. Rxd1 Rd8 23. Re1 Nc8 24. g4 h6 25. Kf1 a6 26. f4 g5 27.
Re2 Ne7 28. fxg5 hxg5 29. h4 Nd5 30. Bd2 gxh4 31. g5 Be7 32. c4 Nb6 33. Ba5 Bc5
34. Re5 Bd4 35. Re4 Bc5 36. Rxh4 Kg6 37. Re4 Rd4 38. Re5 Rf4+ 39. Ke1 Nd7 40.
Bc2+ Kh5 41. Bd1+ Kh4 42. Re8 Rxc4 43. Bd8 Kh3 44. Bc7 Rd4 45. Be2 Kg2 46. a3
Bd6 47. Bxd6 Rxd6 48. Re3 Rd4 49. Bf1+ Kh2 50. Rh3+ Kg1 51. Rg3+ Kh2 52. Rh3+
1/2-1/2

[Event "LYM - Open Général"]
[Site "Lausanne - Casino de Montbenon"]
[Date "2005.09.17"]
[Round "3"]
[White "Dunis, Aurelien"]
[Black "Ermeni, Avni"]
[Result "1-0"]
[WhiteElo "2485"]
[BlackElo "2310"]
[PlyCount "86"]
[EventDate "2005.09.17"]
[SourceDate "2005.09.17"]

1. c4 Nf6 2. Nf3 c5 3. g3 b6 4. Bg2 Bb7 5. O-O e6 6. Nc3 a6 7. Re1 Qc7 8. e4 d6
9. b3 Be7 10. d4 cxd4 11. Nxd4 O-O 12. Bb2 Nbd7 13. f4 Rac8 14. Qe2 Rfd8 15.
Rad1 Bf8 16. Kh1 e5 17. fxe5 Nxe5 18. Rf1 Ned7 19. Qf2 Nc5 20. Qc2 Ng4 21. Qe2
Ne5 22. Nf5 Re8 23. Ne3 b5 24. cxb5 axb5 25. Nxb5 Qb8 26. Nd5 Ba6 27. a4 Nxb3
28. Bxe5 Rxe5 29. Qf3 Nc5 30. Qxf7+ Kh8 31. Na7 Bxf1 32. Rxf1 Ree8 33. Nxc8
Rxc8 34. a5 g6 35. Ne7 Bxe7 36. Qxe7 Re8 37. Qf6+ Kg8 38. Qf7+ Kh8 39. Qf6+ Kg8
40. e5 Rxe5 41. Bd5+ Rxd5 42. Qf7+ Kh8 43. Qxd5 Qb4 1-0

[Event "LYM - Open Général"]
[Site "Lausanne - Casino de Montbenon"]
[Date "2005.09.18"]
[Round "4"]
[White "Berkes, Ferenc"]
[Black "Kunin, Vitaly"]
[Result "1-0"]
[WhiteElo "2619"]
[BlackElo "2448"]
[PlyCount "101"]
[EventDate "2005.09.17"]
[SourceDate "2005.09.17"]

1. d4 d5 2. c4 dxc4 3. Nf3 Nf6 4. Nc3 a6 5. e4 b5 6. e5 Nd5 7. a4 e6 8. axb5
Bb4 9. Bd2 Nb6 10. b3 cxb3 11. Qxb3 a5 12. Be2 Bb7 13. O-O h6 14. Nb1 Bxd2 15.
Nbxd2 N8d7 16. Qc2 O-O 17. Nb3 a4 18. Nc5 Bd5 19. Nxa4 Nxa4 20. Rxa4 Rxa4 21.
Qxa4 Nb6 22. Qb4 Qa8 23. Rc1 Rd8 24. Ne1 Rd7 25. Qc3 Qd8 26. g3 Ba8 27. Nc2 Nd5
28. Qa5 Bb7 29. Ne1 Qg5 30. Nd3 Rd8 31. Qe1 Ba8 32. Bf1 Qg4 33. f4 Ne7 34. Nf2
Qf3 35. Qc3 Qxc3 36. Rxc3 Nf5 37. Rxc7 Nxd4 38. b6 Rb8 39. Ba6 Nf3+ 40. Kg2 Bd5
41. b7 Nxe5+ 42. Kh3 Nf3 43. g4 Kh7 44. Bd3+ g6 45. Be4 Kg7 46. Bxd5 exd5 47.
Nd3 Nd4 48. Nc5 Re8 49. Rc8 Re3+ 50. Kg2 Re2+ 51. Kf1 1-0

[Event "LYM - Open Général"]
[Site "Lausanne - Casino de Montbenon"]
[Date "2005.09.18"]
[Round "4"]
[White "Meijers, Viesturs"]
[Black "Gouliev, Namig"]
[Result "0-1"]
[WhiteElo "2479"]
[BlackElo "2555"]
[PlyCount "176"]
[EventDate "2005.09.17"]
[SourceDate "2005.09.17"]

1. e4 c5 2. Nf3 d6 3. d4 cxd4 4. Nxd4 Nf6 5. Nc3 a6 6. Be2 e5 7. Nb3 Be7 8. Bg5
Be6 9. Bxf6 Bxf6 10. O-O O-O 11. Qd3 Nc6 12. Nd5 Bg5 13. Rfd1 Rc8 14. c3 Ne7
15. Nxe7+ Bxe7 16. Nd2 Qb6 17. b3 Qc5 18. c4 Bd8 19. Nf1 Bb6 20. Ne3 Rcd8 21.
a3 Rd7 22. Bg4 Qc6 23. h3 g6 24. Ra2 Bc5 25. Rc1 Bxe3 26. Qxe3 f5 27. Bf3 Qc5
28. Rd1 f4 29. Qxc5 dxc5 30. Rxd7 Bxd7 31. Rd2 Bc6 32. b4 cxb4 33. axb4 Kf7 34.
h4 Ke7 35. Kf1 b6 36. Ke2 a5 37. Ra2 axb4 38. Rb2 Kd6 39. Rxb4 Kc5 40. Rb2 Rd8
41. Bg4 Rd4 42. f3 Rxc4 43. Be6 Rd4 44. Rc2+ Kd6 45. Bg8 h6 46. Rb2 b5 47. Ke1
Kc5 48. Rc2+ Kb6 49. Rc1 b4 50. Rc2 Rd3 51. Rc1 Rc3 52. Rd1 Kc5 53. Rd8 Rc2 54.
Rc8 Kd4 55. Bb3 Rc3 56. Bd1 Ke3 57. Rb8 Rc4 58. Rb6 g5 59. hxg5 hxg5 60. Rb8 g4
61. Rb6 gxf3 62. gxf3 Be8 63. Rb8 Bd7 64. Rb7 Bh3 65. Rh7 Bc8 66. Rh2 Be6 67.
Rb2 Rd4 68. Rb1 b3 69. Rb2 Kd3 70. Bxb3 Kc3 71. Rc2+ Kxb3 72. Rc5 Bd7 73. Rxe5
Kc3 74. Re7 Bb5 75. Rf7 Rd2 76. Rf6 Re2+ 77. Kf1 Rxe4+ 78. Kg2 Rd4 79. Re6 Bd7
80. Re7 Rd2+ 81. Kg1 Rd3 82. Re4 Rd4 83. Re7 Bc6 84. Rc7 Rc4 85. Ra7 Kd3 86.
Kg2 Rc2+ 87. Kh3 Bxf3 88. Rf7 Ke3 0-1

[Event "LYM - Open Général"]
[Site "Lausanne - Casino de Montbenon"]
[Date "2005.09.18"]
[Round "4"]
[White "Gozzoli, Yannick"]
[Black "Miezis, Normunds"]
[Result "1/2-1/2"]
[WhiteElo "2444"]
[BlackElo "2527"]
[PlyCount "49"]
[EventDate "2005.09.17"]
[SourceDate "2005.09.17"]

1. d4 Nf6 2. Nf3 e6 3. c4 Bb4+ 4. Nc3 c5 5. g3 O-O 6. Bg2 cxd4 7. Nxd4 d5 8.
cxd5 Nxd5 9. Qb3 Na6 10. O-O Nxc3 11. bxc3 Be7 12. Ba3 Bxa3 13. Qxa3 e5 14. Nb5
Qb6 15. Nd6 Rb8 16. Rfd1 Qc5 17. Qxc5 Nxc5 18. Rd5 Na4 19. Rxe5 Be6 20. Nxb7
Rfc8 21. f4 Nxc3 22. a4 Rc7 23. Ra3 g6 24. Nc5 Nxe2+ 25. Rxe2 1/2-1/2

[Event "LYM - Open Général"]
[Site "Lausanne - Casino de Montbenon"]
[Date "2005.09.18"]
[Round "4"]
[White "Boidman, Yuri"]
[Black "Hauchard, Arnaud"]
[Result "0-1"]
[WhiteElo "2431"]
[BlackElo "2490"]
[PlyCount "118"]
[EventDate "2005.09.17"]
[SourceDate "2005.09.17"]

1. e4 c5 2. Nf3 d6 3. d4 cxd4 4. Qxd4 Nf6 5. Nc3 Nc6 6. Bb5 Nd7 7. Bxc6 bxc6 8.
O-O e5 9. Qc4 Nb6 10. Qe2 Be7 11. Rd1 Qc7 12. a4 a5 13. b3 Ba6 14. Qe1 O-O 15.
Ba3 Rfd8 16. Nb1 Bf6 17. c4 d5 18. c5 Nc8 19. exd5 cxd5 20. Nc3 Ne7 21. Nb5 Qb8
22. Qxa5 Nc6 23. Qb6 e4 24. Nfd4 Bxb5 25. Nxb5 Bxa1 26. Qxc6 Qe5 27. Qc7 Rac8
28. Qxe5 Bxe5 29. Nd4 Rd7 30. b4 f6 31. Kf1 Ra7 32. a5 Kf7 33. Nb3 Rb8 34. Rxd5
Ke6 35. Rd1 Rd7 36. Rb1 Kd5 37. a6 Kc6 38. Ke2 Kb5 39. Bb2 Bxb2 40. Rxb2 Kxa6
41. c6 Rd6 42. Rc2 Rc8 43. Rc5 Kb6 44. Na5 Kc7 45. Ke3 Rb8 46. b5 Kb6 47. Nb7
Re6 48. Rd5 Re5 49. Rxe5 fxe5 50. Kxe4 Rf8 51. Nd6 Rxf2 52. Kxe5 Rxg2 53. Ke6
Rxh2 54. Kd7 Rc2 55. Ne8 h5 56. Nxg7 h4 57. Nf5 h3 58. Ng3 h2 59. Kc8 Kxb5 0-1

[Event "LYM - Open Général"]
[Site "Lausanne - Casino de Montbenon"]
[Date "2005.09.18"]
[Round "4"]
[White "Patuzzo, Fabrizio"]
[Black "Dunis, Aurelien"]
[Result "0-1"]
[WhiteElo "2313"]
[BlackElo "2485"]
[PlyCount "82"]
[EventDate "2005.09.17"]
[SourceDate "2005.09.17"]

1. Nf3 Nf6 2. g3 d5 3. Bg2 c6 4. O-O Bg4 5. Ne5 Bh5 6. c4 Nbd7 7. d4 e6 8. Nc3
Nxe5 9. dxe5 Nd7 10. cxd5 cxd5 11. Qa4 Be7 12. g4 Bg6 13. f4 Bc5+ 14. Kh1 h5
15. g5 O-O 16. b4 Bd4 17. Qb3 Nb6 18. Bb2 Nc4 19. Rad1 Bxc3 20. Qxc3 Qb6 21.
Qb3 a5 22. Bd4 Qxb4 23. f5 Bxf5 24. Rxf5 exf5 25. Bxd5 Qxb3 26. axb3 Na3 27.
Bc5 Nb5 28. g6 Nc3 29. gxf7+ Rxf7 30. e6 Rc7 31. e7+ Kh7 32. Bd6 Rxe7 33. Bxe7
Nxd1 34. Bc4 Ne3 35. Bd3 Rc8 36. Kg1 g6 37. Kf2 Ng4+ 38. Kg3 Ne5 39. Bb5 Rc3+
40. Kf4 Nc6 41. Bxc6 bxc6 0-1

[Event "LYM - Open Général"]
[Site "Lausanne - Casino de Montbenon"]
[Date "2005.09.18"]
[Round "4"]
[White "Sulava, Nenad"]
[Black "Ghaem Maghami, Ehsan"]
[Result "1/2-1/2"]
[WhiteElo "2485"]
[BlackElo "2603"]
[PlyCount "41"]
[EventDate "2005.09.17"]
[SourceDate "2005.09.17"]

1. Nf3 Nf6 2. c4 e6 3. g3 d5 4. d4 dxc4 5. Bg2 Nbd7 6. O-O c5 7. Na3 Nb6 8. Ne5
cxd4 9. Naxc4 Nxc4 10. Nxc4 Bc5 11. b4 Be7 12. Bb2 O-O 13. a3 d3 14. e3 Bd7 15.
Qxd3 Bb5 16. Qb3 Rc8 17. Rfc1 Ng4 18. Ne5 Nxe5 19. Bxe5 Qb6 20. Bd4 Qa6 21. Qb2
1/2-1/2

[Event "LYM - Open Général"]
[Site "Lausanne - Casino de Montbenon"]
[Date "2005.09.18"]
[Round "4"]
[White "Petrosian, Tigran L."]
[Black "Gurevich, Vladimir"]
[Result "1-0"]
[WhiteElo "2581"]
[BlackElo "2451"]
[PlyCount "55"]
[EventDate "2005.09.17"]
[SourceDate "2005.09.17"]

1. e4 c5 2. Nc3 d6 3. Nf3 a6 4. d4 cxd4 5. Nxd4 Nf6 6. Rg1 e5 7. Nb3 b5 8. g4
Bb7 9. Qf3 h6 10. a3 Nbd7 11. Be3 Rc8 12. Bd3 Be7 13. h4 Rxc3 14. bxc3 d5 15.
g5 hxg5 16. hxg5 dxe4 17. Qg2 Nd5 18. Bxe4 Nxe3 19. fxe3 Bxe4 20. Qxe4 Qc8 21.
O-O-O Bxa3+ 22. Kb1 Rh4 23. Qd5 g6 24. Rgf1 Rh7 25. Rf6 Nxf6 26. gxf6 Rh5 27.
Na5 e4 28. Qxe4+ 1-0

[Event "LYM - Open Général"]
[Site "Lausanne - Casino de Montbenon"]
[Date "2005.09.18"]
[Round "4"]
[White "Serafimov, Tervel"]
[Black "Fridman, Daniel"]
[Result "0-1"]
[WhiteElo "2405"]
[BlackElo "2566"]
[PlyCount "122"]
[EventDate "2005.09.17"]
[SourceDate "2005.09.17"]

1. c4 c5 2. g3 Nf6 3. Bg2 d5 4. cxd5 Nxd5 5. Nc3 Nc7 6. Qa4+ Qd7 7. Nf3 Qxa4 8.
Nxa4 Ne6 9. b3 Nd7 10. Bb2 b5 11. Nc3 Rb8 12. O-O Bb7 13. Rfd1 a6 14. e3 g6 15.
Nxb5 axb5 16. Bxh8 f6 17. a4 Nc7 18. d4 Kf7 19. dxc5 Nxc5 20. b4 N5e6 21. Rac1
bxa4 22. Rd7 Kg8 23. Rcxc7 Nxc7 24. Rxc7 a3 25. Nd4 a2 26. Nc2 Bxg2 27. Kxg2
Rxb4 28. Ra7 Rb2 29. Nd4 Bh6 30. Ra8+ Kf7 31. Kf3 Rb8 32. Rxa2 Rxh8 33. Ra7 Rc8
34. Ke4 f5+ 35. Kd3 Bg7 36. Rd7 Bf6 37. f4 Rb8 38. Nc2 Rb1 39. Kc4 h6 40. Rd2
g5 41. fxg5 hxg5 42. Rf2 Rb2 43. Kd3 Kg6 44. h3 e5 45. Rg2 Rb1 46. e4 f4 47.
gxf4 exf4 48. h4 f3 49. Rg3 Rb3+ 50. Kd2 f2 51. Rxb3 f1=Q 52. hxg5 Qf4+ 53. Ke2
Qxe4+ 54. Ne3 Bxg5 55. Rb6+ Kh5 56. Rb3 Qa4 57. Rd3 Qb5 58. Nf1 Bf4 59. Nd2 Kg4
60. Nf1 Kf5 61. Nd2 Ke5 0-1

[Event "LYM - Open Général"]
[Site "Lausanne - Casino de Montbenon"]
[Date "2005.09.18"]
[Round "4"]
[White "Kengis, Edvins"]
[Black "Wohl, Alexandar"]
[Result "1/2-1/2"]
[WhiteElo "2534"]
[BlackElo "2403"]
[PlyCount "98"]
[EventDate "2005.09.17"]
[SourceDate "2005.09.17"]

1. Nf3 g6 2. e4 Bg7 3. d4 d6 4. Be2 Nd7 5. c4 e5 6. Nc3 Ne7 7. Be3 O-O 8. Qd2
exd4 9. Nxd4 Nc6 10. O-O Re8 11. Rad1 Nde5 12. Rfe1 Bd7 13. Nxc6 Bxc6 14. Nd5
Nd7 15. f3 a5 16. b3 b6 17. Bd3 Nc5 18. Bc2 Bxd5 19. cxd5 Qf6 20. Bd3 Qc3 21.
Bb5 Qxd2 22. Bxd2 Re7 23. Bg5 f6 24. Bh4 Rf8 25. Rb1 g5 26. Bf2 f5 27. exf5
Rxe1+ 28. Rxe1 Rxf5 29. Re7 Rf7 30. Re8+ Rf8 31. Re1 Rf4 32. Re8+ Rf8 33. Rxf8+
Kxf8 34. Be3 h6 35. Kf2 Kf7 36. Ke2 Bc3 37. g3 Kf6 38. f4 Kf5 39. fxg5 hxg5 40.
h3 g4 41. Bxc5 bxc5 42. Bd7+ Ke4 43. Bxg4 Kxd5 44. Kd3 Be1 45. Bf3+ Ke5 46. g4
d5 47. g5 c4+ 48. bxc4 dxc4+ 49. Kxc4 Kf5 1/2-1/2

[Event "LYM - Open Général"]
[Site "Lausanne - Casino de Montbenon"]
[Date "2005.09.18"]
[Round "4"]
[White "Lazarev, Vladinir"]
[Black "Caselas Cabanas, Jacobo"]
[Result "1-0"]
[WhiteElo "2518"]
[BlackElo "2400"]
[PlyCount "51"]
[EventDate "2005.09.17"]
[SourceDate "2005.09.17"]

1. d4 d5 2. c4 e6 3. Nc3 c6 4. e3 Nf6 5. Nf3 Nbd7 6. Qc2 b6 7. Bd3 Bb7 8. O-O
Be7 9. b3 O-O 10. Bb2 dxc4 11. Bxc4 c5 12. Rfd1 Qc7 13. d5 exd5 14. Nxd5 Nxd5
15. Bxd5 Rfd8 16. Bxf7+ Kxf7 17. Qxh7 Bf6 18. Bxf6 Kxf6 19. Qh4+ Kg6 20. Qg4+
Kh6 21. Qh3+ Kg6 22. Rxd7 Rxd7 23. Qe6+ Kh7 24. Ng5+ Kh8 25. Qh3+ Kg8 26. Qh7+
1-0

[Event "LYM - Open Général"]
[Site "Lausanne - Casino de Montbenon"]
[Date "2005.09.18"]
[Round "5"]
[White "Gouliev, Namig"]
[Black "Dunis, Aurelien"]
[Result "1-0"]
[WhiteElo "2555"]
[BlackElo "2485"]
[PlyCount "73"]
[EventDate "2005.09.17"]
[SourceDate "2005.09.17"]

1. e4 c5 2. Nf3 d6 3. d4 cxd4 4. Nxd4 Nf6 5. Nc3 a6 6. Be2 e6 7. O-O Be7 8. f4
O-O 9. Kh1 Qc7 10. a4 Nc6 11. Be3 Re8 12. Bf3 Bf8 13. Qd2 Na5 14. b3 e5 15.
Nde2 exf4 16. Nxf4 Be6 17. Bd4 Nd7 18. Ncd5 Qd8 19. Bh5 Bxd5 20. Nxd5 Rxe4 21.
Bxf7+ Kh8 22. Nf4 Rxd4 23. Qxd4 Nc6 24. Qe3 Nce5 25. Bd5 Rb8 26. Ne6 Qe7 27.
Nxf8 Nxf8 28. Rf7 Qh4 29. Qf4 Qd8 30. Rxb7 Rxb7 31. Bxb7 Nfg6 32. Qd4 h5 33.
Rd1 Qg5 34. Qxd6 Qe3 35. Qd4 Qe2 36. Be4 h4 37. Qd8+ 1-0

[Event "LYM - Open Général"]
[Site "Lausanne - Casino de Montbenon"]
[Date "2005.09.18"]
[Round "5"]
[White "Lazarev, Vladimir"]
[Black "Petrosian, Tigran L."]
[Result "1/2-1/2"]
[WhiteElo "2518"]
[BlackElo "2581"]
[PlyCount "32"]
[EventDate "2005.09.17"]
[SourceDate "2005.09.17"]

1. d4 d5 2. c4 e6 3. Nf3 c5 4. cxd5 exd5 5. g3 Nc6 6. Bg2 Nf6 7. O-O Be7 8.
dxc5 Bxc5 9. Qc2 Bb6 10. Nc3 h6 11. Na4 O-O 12. Nxb6 Qxb6 13. b3 Rd8 14. e3 Ne4
15. Bb2 Bg4 16. h3 Bxf3 1/2-1/2

[Event "LYM - Open Général"]
[Site "Lausanne - Casino de Montbenon"]
[Date "2005.09.18"]
[Round "5"]
[White "Miezis, Normunds"]
[Black "Krivoshey, Sergei"]
[Result "1-0"]
[WhiteElo "2527"]
[BlackElo "2500"]
[PlyCount "85"]
[EventDate "2005.09.17"]
[SourceDate "2005.09.17"]

1. c4 c5 2. Nc3 g6 3. g3 Bg7 4. Bg2 Nc6 5. d3 e5 6. a3 a5 7. Nd5 Nge7 8. Bg5
O-O 9. Nf6+ Kh8 10. h4 Nd4 11. h5 Ne6 12. Qd2 Nxg5 13. Qxg5 Ra6 14. Ne4 h6 15.
Qd2 Qc7 16. hxg6 Rxg6 17. Nf3 f5 18. Nc3 d6 19. O-O-O Be6 20. Rh2 Kg8 21. Nh4
Rgf6 22. Bh1 Qd7 23. Kb1 b6 24. f4 exf4 25. gxf4 d5 26. cxd5 Nxd5 27. Rg1 Nxc3+
28. Qxc3 Qd4 29. Qxd4 cxd4 30. Nf3 Rd8 31. Rhg2 Rf7 32. Ne5 Rc7 33. Rg6 Bb3 34.
Rxh6 a4 35. Rxb6 Kh7 36. Bf3 Rdc8 37. Rh1+ Kg8 38. Nc4 Rc5 39. Rb7 Kf8 40. Rh5
Bf6 41. Rhh7 Kg8 42. Rhd7 Kh8 43. Rf7 1-0

[Event "LYM - Open Général"]
[Site "Lausanne - Casino de Montbenon"]
[Date "2005.09.18"]
[Round "5"]
[White "Ghaem Maghami, Ehsan"]
[Black "Gerber, Richard"]
[Result "1/2-1/2"]
[WhiteElo "2603"]
[BlackElo "2373"]
[PlyCount "90"]
[EventDate "2005.09.17"]
[SourceDate "2005.09.17"]

1. e4 c5 2. Nf3 d6 3. c3 Nf6 4. Bd3 Nc6 5. Bc2 Bg4 6. d3 e6 7. h3 Bh5 8. Bf4 h6
9. Nbd2 d5 10. Qe2 Be7 11. Ba4 Nd7 12. O-O O-O 13. Rfe1 dxe4 14. dxe4 Nde5 15.
Bxc6 Nd3 16. Bxb7 Nxf4 17. Qe3 Bg5 18. Nxg5 Qxg5 19. Qg3 Rab8 20. Ba6 Qxg3 21.
fxg3 Nxg2 22. Reb1 Ne3 23. a4 Rfd8 24. Nf1 Nxf1 25. Bxf1 Bg6 26. Bg2 Rd3 27. g4
Rg3 28. Kf2 Rxg2+ 29. Kxg2 Bxe4+ 30. Kf2 Bxb1 31. Rxb1 c4 32. Ke3 Rd8 33. b4
Rd3+ 34. Ke4 f5+ 35. gxf5 exf5+ 36. Kxf5 Rxc3 37. b5 Ra3 38. Rb4 c3 39. Rc4 Kh7
40. Kg4 c2 41. Rxc2 Rxa4+ 42. Kg3 Kg6 43. Rb2 Kh5 44. b6 axb6 45. Rb5+ g5
1/2-1/2

[Event "LYM - Open Général"]
[Site "Lausanne - Casino de Montbenon"]
[Date "2005.09.18"]
[Round "5"]
[White "Malakhatko, Vadim"]
[Black "Brendel, Olivier"]
[Result "1/2-1/2"]
[WhiteElo "2556"]
[BlackElo "2343"]
[PlyCount "102"]
[EventDate "2005.09.17"]
[SourceDate "2005.09.17"]

1. d4 Nf6 2. Nf3 g6 3. Bg5 Bg7 4. c3 O-O 5. Nbd2 d6 6. a4 h6 7. Bh4 c5 8. e3
Nc6 9. Be2 cxd4 10. exd4 Nh5 11. O-O g5 12. Bg3 Nxg3 13. hxg3 e5 14. dxe5 dxe5
15. Nc4 Be6 16. Nfd2 Ne7 17. Ne3 f5 18. Bc4 Bxc4 19. Nexc4 g4 20. Qb3 Qd5 21.
Rad1 Rac8 22. Rfe1 e4 23. Nd6 Qxb3 24. Nxb3 Rc7 25. Nb5 Rc4 26. Rd7 Nc6 27. Nd6
Ne5 28. Rxb7 Rc6 29. Nb5 Nd3 30. Rb1 a6 31. N5d4 Rcf6 32. a5 R8f7 33. Rb8+ Rf8
34. Rxf8+ Rxf8 35. Ne6 Rb8 36. Nxg7 Kxg7 37. Nd4 Kf6 38. b4 Rc8 39. b5 axb5 40.
Nxb5 Nc5 41. Rd1 Ra8 42. Rd6+ Ke5 43. c4 Nb7 44. Rd5+ Kf6 45. Nd6 Nxa5 46. c5
Ke6 47. Rxf5 Nb3 48. Rf4 Nxc5 49. Nxe4 Ra1+ 50. Kh2 Nxe4 51. Rxe4+ Kf5 1/2-1/2

[Event "LYM - Open Général"]
[Site "Lausanne - Casino de Montbenon"]
[Date "2005.09.18"]
[Round "5"]
[White "Marzolo, Cyril"]
[Black "Kengis, Edvins"]
[Result "1/2-1/2"]
[WhiteElo "2388"]
[BlackElo "2534"]
[PlyCount "65"]
[EventDate "2005.09.17"]
[SourceDate "2005.09.17"]

1. d4 d6 2. c4 e5 3. Nf3 exd4 4. Nxd4 g6 5. g3 Bg7 6. Bg2 Nf6 7. Nc3 O-O 8. O-O
Re8 9. b3 Nbd7 10. Bb2 c6 11. Qc2 a5 12. Rad1 Nc5 13. e4 Bd7 14. Rfe1 Qc7 15.
h3 Re7 16. Re2 Rae8 17. Rde1 Qc8 18. Kh2 Re5 19. Nf3 Rh5 20. h4 Bg4 21. Kg1
Nfd7 22. Rd2 Ne5 23. Nh2 g5 24. hxg5 Rxh2 25. Kxh2 Nf3+ 26. Bxf3 Bxf3 27. Re3
Qg4 28. Rxf3 Qxf3 29. Qd1 Qxd1 30. Rxd1 Nxe4 31. Nxe4 Rxe4 32. Bxg7 Kxg7 33.
Rd2 1/2-1/2

[Event "LYM - Open Général"]
[Site "Lausanne - Casino de Montbenon"]
[Date "2005.09.18"]
[Round "5"]
[White "Ginsburg, Gennadij"]
[Black "Patuzzo, Fabrizio"]
[Result "1-0"]
[WhiteElo "2513"]
[BlackElo "2338"]
[PlyCount "55"]
[EventDate "2005.09.17"]
[SourceDate "2005.09.17"]

1. e4 c6 2. d4 d5 3. Nd2 dxe4 4. Nxe4 h6 5. Nf3 Bg4 6. c3 e6 7. h3 Bxf3 8. Qxf3
Nd7 9. Bd3 Ngf6 10. O-O Nxe4 11. Qxe4 Nf6 12. Qe2 Be7 13. Bf4 O-O 14. Rad1 Qa5
15. Bb1 Rfe8 16. Qc2 Rad8 17. b4 Qd5 18. Rfe1 Kf8 19. Bc7 Rc8 20. Be5 a5 21.
Re3 axb4 22. c4 Qd8 23. Rg3 g5 24. h4 g4 25. Qc1 Ng8 26. Rxg4 f5 27. Rxg8+ Kxg8
28. Qxh6 1-0

[Event "LYM - Open Général"]
[Site "Lausanne - Casino de Montbenon"]
[Date "2005.09.18"]
[Round "5"]
[White "Zozulia, Anna"]
[Black "Sulava, Nenad"]
[Result "1/2-1/2"]
[WhiteElo "2314"]
[BlackElo "2485"]
[PlyCount "46"]
[EventDate "2005.09.17"]
[SourceDate "2005.09.17"]

1. e4 c5 2. Nf3 e6 3. d4 cxd4 4. Nxd4 Nf6 5. Nc3 Nc6 6. Ndb5 d6 7. Bf4 e5 8.
Bg5 a6 9. Na3 b5 10. Nd5 Be7 11. Bxf6 Bxf6 12. c3 O-O 13. Nc2 Rb8 14. Ncb4 Bb7
15. Nxc6 Bxc6 16. Be2 Bg5 17. O-O Qd7 18. Qd3 Qb7 19. Rad1 a5 20. a3 Kh8 21.
Qg3 Bh6 22. Qh4 f5 23. Bf3 f4 1/2-1/2

[Event "LYM - Open Général"]
[Site "Lausanne - Casino de Montbenon"]
[Date "2005.09.18"]
[Round "5"]
[White "Jessel, Stephen"]
[Black "Meijers, Viesturs"]
[Result "0-1"]
[WhiteElo "2285"]
[BlackElo "2479"]
[PlyCount "74"]
[EventDate "2005.09.17"]
[SourceDate "2005.09.17"]

1. e4 c5 2. Nf3 e6 3. d4 cxd4 4. Nxd4 a6 5. c4 d6 6. Nc3 Nd7 7. Be3 Ngf6 8. Be2
b6 9. O-O Bb7 10. f3 h5 11. Qd2 h4 12. a4 Be7 13. a5 Rc8 14. Nb3 Nc5 15. Ra3
Nfd7 16. axb6 Qxb6 17. Na5 Ba8 18. Na4 Qc7 19. b4 Nxa4 20. Rxa4 h3 21. g3 O-O
22. Rd1 Ne5 23. f4 Nc6 24. Nb3 Nb8 25. b5 Bxe4 26. Bf1 axb5 27. cxb5 Qc2 28.
Bxh3 Bh7 29. Ra7 Qxb3 30. Rxe7 Rc2 31. Qd4 Qxb5 32. Bg2 Nc6 33. Bxc6 Qxc6 34.
Rd2 Qf3 35. Rxc2 Bxc2 36. Bf2 Be4 37. Kf1 Rb8 0-1

[Event "LYM - Open Général"]
[Site "Lausanne - Casino de Montbenon"]
[Date "2005.09.18"]
[Round "5"]
[White "Mamedjarova, Zeinab"]
[Black "Flumbort, Andras"]
[Result "0-1"]
[WhiteElo "2262"]
[BlackElo "2448"]
[PlyCount "84"]
[EventDate "2005.09.17"]
[SourceDate "2005.09.17"]

1. d4 Nf6 2. c4 g6 3. Nf3 Bg7 4. g3 d5 5. Bg2 O-O 6. cxd5 Nxd5 7. O-O Nb6 8.
Nc3 Nc6 9. d5 Na5 10. Qc2 c6 11. dxc6 Nxc6 12. Rd1 Bf5 13. e4 Bd7 14. Be3 Nc4
15. Bf4 Rc8 16. Qc1 Qe8 17. Bh6 Bg4 18. Bxg7 Kxg7 19. h3 Bxf3 20. Bxf3 e5 21.
Bg4 Rd8 22. Nd5 Nb6 23. Qc5 h5 24. Bf3 Nd4 25. Bg2 Nxd5 26. exd5 b6 27. Qc7 Nb5
28. Qc4 Nd6 29. Qa6 Qe7 30. Rac1 f5 31. Re1 e4 32. h4 f4 33. Qa3 e3 34. gxf4
exf2+ 35. Kxf2 Qxh4+ 36. Kg1 Rxf4 37. Qxa7+ Kh6 38. Qxb6 Rb8 39. Qe3 Re8 40.
Qd2 Nc4 41. Qc3 Qf2+ 42. Kh1 Rh4+ 0-1

[Event "LYM - Open Général"]
[Site "Lausanne - Casino de Montbenon"]
[Date "2005.09.18"]
[Round "5"]
[White "Kunin, Vitaly"]
[Black "Ermeni, Avni"]
[Result "1-0"]
[WhiteElo "2448"]
[BlackElo "2301"]
[PlyCount "83"]
[EventDate "2005.09.17"]
[SourceDate "2005.09.17"]

1. d4 Nf6 2. c4 c5 3. d5 b5 4. cxb5 a6 5. b6 g6 6. Nc3 d6 7. e4 Qxb6 8. Nf3 Bg7
9. Be2 O-O 10. Nd2 Nbd7 11. O-O Qc7 12. f4 e6 13. dxe6 fxe6 14. Nc4 Ne8 15. Be3
Rb8 16. Qc2 Nb6 17. Rad1 Bd4 18. Qc1 Nf6 19. Na5 e5 20. fxe5 dxe5 21. Kh1 Be6
22. Bh6 Rf7 23. Qg5 Nbd7 24. Bc4 Qb6 25. Qh4 Bxc4 26. Nxc4 Qe6 27. Ne3 Rxb2 28.
Ncd5 Rb8 29. h3 Kh8 30. Rf3 Nxd5 31. exd5 Qe8 32. Rxf7 Qxf7 33. Rf1 Qg8 34. Qe7
Bxe3 35. Bxe3 Qe8 36. Qd6 Rb6 37. Qc7 Kg8 38. Bh6 Rb8 39. Rf8+ Qxf8 40. Bxf8
Rb1+ 41. Kh2 Nxf8 42. Qxc5 1-0